|
|
|
|
| LEADER |
00000nas a2200000 a 4500 |
| 001 |
ssj0000857986 |
| 003 |
WaSeSS |
| 005 |
20200512172242.0 |
| 006 |
m d |
| 007 |
cr n |
| 008 |
130323u20uuuuuunyuu| ||s|||||| |0eng d |
| 035 |
|
|
|a (WaSeSS)ssj0000857986
|
| 040 |
|
|
|a WaSeSS
|c WaSeSS
|d WaSeSS
|
| 050 |
|
4 |
|a HG4026
|
| 245 |
0 |
0 |
|a CFO IT
|h [electronic resource].
|
| 246 |
1 |
|
|a Chief financial officer information technology
|
| 260 |
|
|
|a New York :
|b CFO.com, a division of CFO Publishing Corporation and, Member of The Economist Group
|
| 506 |
|
|
|a License restrictions may limit access.
|
| 588 |
|
|
|a Description based on: Mar. 17, 2003; title from pdf title page (ProQuest, viewed March 22, 2013).
|
| 588 |
|
|
|a Latest issue consulted: Dec. 21, 2005 (viewed March 22, 2013).
|
| 650 |
|
0 |
|a Chief financial officers
|v Periodicals.
|
| 650 |
|
0 |
|a Finance
|v Periodicals.
|
| 655 |
|
0 |
|a Electronic journals.
|
| 856 |
4 |
0 |
|z Full text available from Research Library: 03/17/2003 to 12/21/2005
|u https://search.proquest.com/publication/43502
|